Pays du Monde avec au moins 3 A dans leur nom - Statistiques

Statistiques générales
  • Ce quiz a été pris 350 fois
  • Le résultat moyen est 8 sur 13
Statistiques - réponses
Réponse % Correct
Canada
84%
Afghanistan
78%
Panama
74%
Kazakhstan
68%
Arabie Saoudite
67%
Azerbaïdjan
64%
Madagascar
60%
Nicaragua
60%
Guatemala
59%
Bahamas
54%
Antigua-et-Barbuda
53%
Emirats Arabes Unis
44%
Paraguay
42%
Aucun quiz correspondant
Distribution des résultats
% des personnes avec chaque résultat
Percentile par nombre de réponses
Votre historique - résultats
Vous n’avez pas pris ce quiz